[Event "POLFINAL MISTRZOSTW POLSKI JUNIOROW 2019 - C13"]
[Site "Ustron"]
[Date "1899-12-30"]
[Round "2.26"]
[White "Gibas, Aleksander"]
[Black "Katny, Samuel"]
[Result "0-1"]
[WhiteTitle "III"]
[BlackTitle "II"]
[WhiteElo "1010"]
[BlackElo "1335"]

1. e4 e5 2. Nf3 Nc6 3. Nc3 Nf6 4. Bc4 Bc5 5. d3 d6 6. Bg5 h6 7. Bh4 Bb4 8. a3 Bxc3+
9. bxc3 Bg4 10. Rb1 Rb8 11. Bd5 g5 12. Bg3 Nxd5 13. exd5 Ne7 14. c4 c6 15. dxc6
Nxc6 16. h3 Bh5 17. Qe2 Nd4 18. Qd1 Qf6 19. Rf1 Bxf3 20. gxf3 Nxf3+ 21. Ke2 Nd4+
22. Kd2 O-O 23. Kc1 b5 24. c3 Ne6 25. cxb5 Rfc8 26. Kd2 e4 27. d4 Nc7 28. a4 Nd5
29. Qe1 Nxc3 30. Qe3 Nxb1+ 31. Rxb1 Rc4 32. Ra1 Rbc8 33. Ke1 Rxd4 34. Qa3 Rd3
35. Qa2 Rdc3 36. Kd1 Qf3+ 37. Kd2 Qd3+ 38. Ke1 Rc1+ 39. Rxc1 Rxc1# 0-1

[Event "POLFINAL MISTRZOSTW POLSKI JUNIOROW 2019 - C13"]
[Site "Ustron"]
[Date "1899-12-30"]
[Round "3.1"]
[White "Wojdak, Jan"]
[Black "Czernecki, Andrzej"]
[Result "1-0"]
[WhiteTitle "I++"]
[BlackTitle "II+"]
[WhiteElo "2062"]
[BlackElo "1569"]

1. e4 c5 2. Nf3 d6 3. d4 cxd4 4. Nxd4 Nf6 5. Nc3 Nc6 6. Bg5 e6 7. Qd2 a6 8. O-O-O
Bd7 9. f3 Be7 10. h4 Rc8 11. g4 b5 12. Nxc6 Bxc6 13. Be3 b4 14. Nb1 Nxg4 15. Bd4
e5 16. Rg1 Nf6 17. Be3 Qa5 18. Bc4 Bxe4 19. Qe2 Bxf3 20. Qxf3 Rxc4 21. Rxg7 Qc7
22. Rd2 Qc6 23. Qh3 Qc8 24. Qf1 Qe6 25. Rf2 Ng4 26. Re2 Bf6 27. Rxg4 Rxg4 28.
Rf2 Be7 29. a3 bxa3 30. Nxa3 Bxh4 31. Rd2 d5 32. Qh1 Bg5 33. Bxg5 Rxg5 34. Rxd5
Rhg8 35. Rd1 e4 36. b3 Rg2 37. Nc4 Qf6 38. Kb1 Qc3 39. Nd6+ Kf8 40. Rc1 Qc6 41.
Qh6+ R8g7 42. Qf6 Qc7 43. Nxe4 R7g6 44. Qh8+ Ke7 45. Nc3 Rg7 46. Nd5+ 1-0

[Event "POLFINAL MISTRZOSTW POLSKI JUNIOROW 2019 - C13"]
[Site "Ustron"]
[Date "1899-12-30"]
[Round "3.2"]
[White "Dziewonski, Dariusz"]
[Black "Wieckowski, Michal"]
[Result "1/2-1/2"]
[WhiteTitle "I+"]
[BlackTitle "II+"]
[WhiteElo "1868"]
[BlackElo "1532"]

1. e4 e5 2. Nf3 Nc6 3. Bc4 Bc5 4. O-O Nf6 5. d3 h6 6. a4 a5 7. c3 Bb6 8. Na3 O-O
9. Nc2 d6 10. Be3 Ba7 11. h3 Ne7 12. Re1 Ng6 13. Bxa7 Rxa7 14. d4 Qe7 15. dxe5
dxe5 16. Ne3 c6 17. Qc2 Be6 18. Nf5 Qc5 19. Bb3 Re8 20. Ng3 Nf4 21. Rad1 b5 22.
axb5 cxb5 23. Bxe6 fxe6 24. Rd2 Rc7 25. Qd1 Ree7 26. Qb1 Nd7 27. Red1 b4 28. cxb4
axb4 29. b3 Qc3 30. Ne1 Nc5 31. Rb2 Red7 32. Rc1 Qd4 33. Nf3 Qd6 34. Rd2 Ncd3
1/2-1/2

[Event "POLFINAL MISTRZOSTW POLSKI JUNIOROW 2019 - C13"]
[Site "Ustron"]
[Date "1899-12-30"]
[Round "3.3"]
[White "Tarawski, Adrian"]
[Black "Wieczorek, Mikolaj"]
[Result "0-1"]
[WhiteTitle "II+"]
[BlackTitle "I"]
[WhiteElo "1431"]
[BlackElo "1792"]

1. e4 c5 2. d3 Nc6 3. Nf3 g6 4. g3 Bg7 5. Bg2 e6 6. Nbd2 Nge7 7. O-O O-O 8. c3
d5 9. Qc2 b6 10. Nh4 d4 11. c4 Nb4 12. Qb3 Nec6 13. a3 Na5 14. Qd1 Nxd3 15. e5
Rb8 16. f4 Bb7 17. Ne4 Nxc1 18. Rxc1 Bxe4 19. Bxe4 Rc8 20. Qa4 Qe8 21. Qc2 Qe7
22. Rce1 Rfd8 23. f5 exf5 24. Nxf5 gxf5 25. Bxf5 d3 26. Bxd3 h6 27. e6 fxe6 28.
Bh7+ Kh8 29. Bf5 Rc6 30. Qe4 Rd4 31. Qf3 Rcd6 32. Qh5 e5 33. Bg6 Qg5 34. Rxe5
Qxg6 35. Re8+ Kh7 0-1

[Event "POLFINAL MISTRZOSTW POLSKI JUNIOROW 2019 - C13"]
[Site "Ustron"]
[Date "1899-12-30"]
[Round "3.4"]
[White "Szymczyk, Antoni"]
[Black "Maslanka, Wojciech"]
[Result "0-1"]
[WhiteTitle "II"]
[BlackTitle "I"]
[WhiteElo "1305"]
[BlackElo "1614"]

1. e4 c6 2. d4 d5 3. Nc3 dxe4 4. Nxe4 Bf5 5. Nc5 e5 6. Nxb7 Qb6 7. Nc5 Bxc5 8.
dxc5 Qxc5 9. c3 Nf6 10. Be3 Qd5 11. Nf3 Nbd7 12. c4 Qxd1+ 13. Rxd1 O-O 14. Be2
a5 15. O-O Rfb8 16. Bd3 Bxd3 17. Rxd3 e4 18. Rd2 exf3 19. gxf3 Ne5 20. Kg2 Nxc4
21. Rc2 Nxe3+ 22. fxe3 Nd5 23. Re2 Rb6 24. Rc1 f5 25. f4 a4 26. a3 Rab8 27. Rcc2
Rb3 28. Kf2 R8b6 29. h4 Nf6 30. Kf3 Ng4 31. Rc5 g6 32. Ra5 Rxb2 33. Rxb2 Rxb2
34. Rxa4 Rb3 35. Ra8+ Kg7 36. a4 Nxe3 37. a5 Nd5+ 38. Kf2 Ra3 39. a6 Kh6 40. a7
Nxf4 41. h5 Kxh5 42. Ke1 Nd5 43. Rh8 Rxa7 44. Rc8 Rc7 45. Rd8 Kg4 46. Ra8 h5 47.
Ra4+ f4 48. Kf2 g5 49. Ra1 c5 50. Rg1+ Kf5 51. Rd1 Ne3 52. Ra1 c4 53. Ra5+ Kg4
54. Ra1 c3 55. Rc1 c2 56. Ke2 Rb7 57. Kd2 Rb1 58. Rxb1 cxb1=Q 59. Ke2 Qd1+ 60.
Kf2 Qf1# 0-1

[Event "POLFINAL MISTRZOSTW POLSKI JUNIOROW 2019 - C13"]
[Site "Ustron"]
[Date "1899-12-30"]
[Round "3.5"]
[White "Kusiak, Mateusz"]
[Black "Bochenek, Ryszard"]
[Result "1-0"]
[WhiteTitle "I"]
[BlackTitle "II"]
[WhiteElo "1597"]
[BlackElo "1324"]

1. d4 Nf6 2. Nf3 g6 3. g3 Bg7 4. Bg2 O-O 5. O-O d6 6. b3 Nbd7 7. Bb2 Re8 8. c4
c6 9. Nc3 Qc7 10. Qd2 e5 11. Rad1 Nh5 12. dxe5 dxe5 13. Ne4 f5 14. Qd6 Qxd6 15.
Nxd6 Re7 16. Ba3 c5 17. Ng5 e4 18. g4 Nf4 19. gxf5 gxf5 20. Nxf5 Re5 21. Bxe4
h6 22. Bb2 hxg5 23. Bxe5 Nxe5 24. Rd8+ Bf8 25. Ne7+ Kg7 26. Rxc8 Rxc8 27. Nxc8
Nxe2+ 28. Kh1 Nd4 29. Nxa7 b6 30. Rg1 Kf6 31. Nb5 Ne6 32. Nc3 Nd7 33. Bd5 Nf4
34. Ne4+ Ke5 35. Rxg5+ Kd4 36. Rg4 Bd6 37. Nxd6 1-0

[Event "POLFINAL MISTRZOSTW POLSKI JUNIOROW 2019 - C13"]
[Site "Ustron"]
[Date "1899-12-30"]
[Round "3.6"]
[White "Pieczulis, Hubert"]
[Black "Rylski, Tadeusz"]
[Result "1-0"]
[WhiteTitle "II"]
[BlackTitle "II+"]
[WhiteElo "1346"]
[BlackElo "1680"]

1. Nf3 d5 2. d4 Nf6 3. c4 e6 4. Nc3 b6 5. cxd5 exd5 6. Bg5 Be7 7. e3 O-O 8. Bd3
Bb7 9. O-O Ne4 10. Bf4 Bd6 11. Bxd6 Qxd6 12. Ne5 f6 13. Bxe4 fxe5 14. dxe5 Qxe5
15. Bxd5+ Bxd5 16. Qxd5+ Qxd5 17. Nxd5 Rf7 18. Rfd1 c6 19. Nc3 Nd7 20. Rd6 Ne5
21. Rad1 Raf8 22. R6d2 g6 23. f3 Re7 24. b3 Kg7 25. e4 g5 26. Ne2 h6 27. Nd4 Kg6
28. Nf5 Ref7 29. Rd6+ Rf6 30. Rxf6+ Rxf6 31. Kf2 c5 32. Rd5 Re6 33. Ne3 Nc6 34.
g3 Nb4 35. Rd2 Kf7 36. a3 Nc6 37. Nf5 Ne5 38. h3 h5 39. f4 gxf4 40. gxf4 Nc6 41.
Kf3 Kf6 42. Rd7 Na5 43. Nh4 Re7 44. Rd6+ Kf7 45. b4 Nc4 46. bxc5 bxc5 47. Rd3
Rb7 48. e5 Rb2 49. Ke4 Nd2+ 50. Kf5 c4 51. Rd7+ Ke8 52. e6 c3 53. Ng6 c2 54. Rxa7
Rb5+ 55. Kf6 Ne4+ 56. Kg7 Rb8 57. Rc7 Nd6 58. Rxc2 h4 59. Rc7 Kd8 60. Rd7+ Ke8
61. Rxd6 Rb7+ 62. Kf6 Rg7 63. Rd8+ Kxd8 64. Kxg7 Ke8 65. e7 Kd7 66. Kf7 1-0

[Event "POLFINAL MISTRZOSTW POLSKI JUNIOROW 2019 - C13"]
[Site "Ustron"]
[Date "1899-12-30"]
[Round "3.7"]
[White "Nowak, Filip"]
[Black "Grzybek, Mikolaj"]
[Result "1-0"]
[WhiteTitle "I"]
[BlackTitle "II"]
[WhiteElo "1629"]
[BlackElo "1382"]

1. e4 c6 2. d4 d5 3. Nc3 dxe4 4. Nxe4 Bf5 5. Ng3 Bg6 6. h4 h6 7. Nf3 Nd7 8. h5
Bh7 9. Bd3 Bxd3 10. Qxd3 e6 11. Bd2 Ngf6 12. O-O-O Be7 13. c4 O-O 14. Bc3 Qc7
15. Kb1 Bd6 16. Ne4 Nxe4 17. Qxe4 Nf6 18. Qe2 Be7 19. Ne5 Rab8 20. f4 b5 21. g4
Nh7 22. Rdg1 b4 23. Bd2 c5 24. g5 Kh8 25. g6 cxd4 26. gxf7 Nf6 27. Qg2 1-0

[Event "POLFINAL MISTRZOSTW POLSKI JUNIOROW 2019 - C13"]
[Site "Ustron"]
[Date "1899-12-30"]
[Round "3.8"]
[White "Latacz, Grzegorz"]
[Black "Goszyk, Bartosz"]
[Result "1/2-1/2"]
[WhiteTitle "II"]
[BlackTitle "II+"]
[WhiteElo "1367"]
[BlackElo "1605"]

1. d4 Nf6 2. c4 g6 3. Nc3 Bg7 4. e4 d6 5. Nf3 O-O 6. Be2 e5 7. O-O Nc6 8. d5 Ne7
9. b4 Nd7 10. Ba3 f5 11. Ng5 Nf6 12. Bf3 h6 13. Ne6 Bxe6 14. dxe6 f4 15. Nd5 g5
16. Nxf6+ Rxf6 17. Bg4 Ng6 18. c5 Bf8 19. Qb3 Be7 20. Rfd1 Kg7 21. Rd5 Nf8 22.
Rad1 Qe8 23. cxd6 Bxd6 24. b5 h5 25. Bxd6 cxd6 26. Bf5 Nxe6 27. Rxd6 Nd4 28. Qd5
Rxd6 29. Qxd6 Nxf5 30. exf5 Rc8 31. h3 1/2-1/2

[Event "POLFINAL MISTRZOSTW POLSKI JUNIOROW 2019 - C13"]
[Site "Ustron"]
[Date "1899-12-30"]
[Round "3.9"]
[White "Kultucki, Kamil"]
[Black "Pisarek, Jan"]
[Result "0-1"]
[WhiteTitle "II"]
[BlackTitle "I"]
[WhiteElo "1345"]
[BlackElo "1534"]

1. e4 c5 2. Nf3 Nc6 3. d4 cxd4 4. Nxd4 Nf6 5. Nc3 e5 6. Ndb5 d6 7. Bg5 a6 8. Na3
b5 9. Nd5 Be7 10. Bxf6 Bxf6 11. c3 O-O 12. Nc2 Bg5 13. Bd3 Be6 14. O-O Bxd5 15.
exd5 Ne7 16. Qh5 Bh6 17. f4 Ng6 18. fxe5 Nxe5 19. Be4 Nc4 20. Nd4 Be3+ 21. Kh1
g6 22. Qh3 Bxd4 23. cxd4 Nxb2 24. Rf4 f5 25. Qb3 Nc4 26. Bd3 Rc8 27. Bxc4 Rxc4
28. Re1 Re8 29. Rff1 Rxd4 30. Qa3 Rxe1 31. Rxe1 Re4 32. Rxe4 fxe4 33. Qxa6 Qf6
34. Qc8+ Kg7 35. Qd7+ Kh6 36. Qh3+ Kg5 37. Qg3+ Kh5 38. Qe1 Qd4 39. Qe2+ Kh6 40.
Qe1 Qxd5 41. Qh4+ Kg7 42. Qe7+ Qf7 0-1

[Event "POLFINAL MISTRZOSTW POLSKI JUNIOROW 2019 - C13"]
[Site "Ustron"]
[Date "1899-12-30"]
[Round "3.10"]
[White "Jendrowiak, Maciej"]
[Black "Bogusz, Alan"]
[Result "1/2-1/2"]
[WhiteTitle "II"]
[BlackTitle "I"]
[WhiteElo "1472"]
[BlackElo "1878"]

1. d4 Nf6 2. c4 g6 3. Nc3 Bg7 4. e4 d6 5. Be2 O-O 6. Be3 Nc6 7. h3 e5 8. d5 Ne7
9. Qd2 Ne8 10. O-O-O f5 11. f3 f4 12. Bf2 a6 13. c5 Bd7 14. Bc4 Kh8 15. Bb3 dxc5
16. Bxc5 Nd6 17. Kb1 b6 18. Bxd6 cxd6 19. Nge2 b5 20. a3 Qb6 21. Na2 Bf6 22. Nec1
Rfc8 23. Nd3 a5 24. Rc1 Kg7 25. Rhf1 Bh4 26. Rh1 Rab8 27. Rc3 Bf6 28. Rhc1 Bh4
29. Ka1 Bf6 30. Kb1 Bh4 31. Ka1 Bf6 32. Kb1 Bh4 33. Ka1 Bf6 1/2-1/2

[Event "POLFINAL MISTRZOSTW POLSKI JUNIOROW 2019 - C13"]
[Site "Ustron"]
[Date "1899-12-30"]
[Round "3.11"]
[White "Trzebinski, Patryk"]
[Black "Klisowski, Bartosz"]
[Result "1-0"]
[WhiteTitle "I"]
[BlackTitle "II"]
[WhiteElo "1607"]
[BlackElo "1434"]

1. e4 c6 2. d4 d5 3. exd5 cxd5 4. c4 g6 5. Nc3 Nf6 6. Nf3 Bg7 7. Bg5 Nbd7 8. c5
O-O 9. Bd3 h6 10. Bf4 a6 11. O-O Re8 12. b4 Nh5 13. Nxd5 e5 14. dxe5 Nxe5 15.
Bxe5 Bxe5 16. Nxe5 Qxd5 17. Nxg6 fxg6 18. Bxg6 Re5 19. f4 Qxd1 20. Raxd1 Bg4 21.
fxe5 Bxd1 22. Rxd1 Nf4 23. Be4 a5 24. Bc2 Kf8 25. Bb3 axb4 26. Rf1 Ke7 27. Rxf4
Kf7 28. Rxf7 1-0

[Event "POLFINAL MISTRZOSTW POLSKI JUNIOROW 2019 - C13"]
[Site "Ustron"]
[Date "1899-12-30"]
[Round "3.12"]
[White "Stefaniuk, Zbigniew"]
[Black "Wolski, Michal"]
[Result "1/2-1/2"]
[WhiteTitle "II"]
[BlackTitle "II"]
[WhiteElo "1446"]
[BlackElo "1584"]

1. e4 c5 2. Nf3 Nc6 3. d4 cxd4 4. Nxd4 Nf6 5. Nc3 e5 6. Ndb5 d6 7. Bg5 a6 8. Na3
b5 9. Nd5 Be7 10. Bxf6 Bxf6 11. c4 b4 12. Nc2 a5 13. g3 O-O 14. Bg2 Bg5 15. h4
Bh6 16. O-O Ne7 17. Nce3 Bxe3 18. Nxe3 Ba6 19. Qd3 Qc7 20. Rfd1 Rfd8 21. b3 Rac8
22. Bh3 Rb8 23. Rac1 Bb7 24. Nd5 Nxd5 25. cxd5 Qb6 26. Rc2 Ba6 27. Qf3 Bb5 28.
Rdc1 a4 29. Rc7 Rf8 30. h5 h6 31. Qf5 axb3 32. axb3 Ra8 33. Rc8 Raxc8 34. Rxc8
Rxc8 35. Qxc8+ Kh7 36. Qf5+ Kg8 37. Qc8+ Kh7 38. Qf5+ 1/2-1/2

[Event "POLFINAL MISTRZOSTW POLSKI JUNIOROW 2019 - C13"]
[Site "Ustron"]
[Date "1899-12-30"]
[Round "3.13"]
[White "Kozera, Dawid"]
[Black "Goral, Jan"]
[Result "0-1"]
[WhiteTitle "II"]
[BlackTitle "I"]
[WhiteElo "1423"]
[BlackElo "1564"]

1. e4 c5 2. Nf3 Nc6 3. d4 cxd4 4. Nxd4 g6 5. Nc3 Bg7 6. Be3 Nf6 7. Bc4 O-O 8. Bb3
d6 9. f3 Bd7 10. Qd2 Nxd4 11. Bxd4 b5 12. O-O-O a5 13. Nd5 Nxd5 14. Bxd5 Rc8 15.
Bxg7 Kxg7 16. h4 e6 17. h5 g5 18. h6+ Kg8 19. Rh5 f6 20. f4 exd5 21. Qxd5+ Kh8
22. fxg5 Bg4 23. Rf1 Bxh5 24. gxf6 Bf7 25. Qd4 Rc4 26. Qe3 Qc7 27. c3 b4 28. Qg5
Rg8 0-1

[Event "POLFINAL MISTRZOSTW POLSKI JUNIOROW 2019 - C13"]
[Site "Ustron"]
[Date "1899-12-30"]
[Round "3.14"]
[White "Karut, Kacper"]
[Black "Miler, Franciszek"]
[Result "1-0"]
[WhiteTitle "II+"]
[BlackTitle "II"]
[WhiteElo "1536"]
[BlackElo "1355"]

1. e4 c5 2. Nf3 d6 3. d4 cxd4 4. Nxd4 Nf6 5. Nc3 g6 6. Be3 Bg7 7. f3 O-O 8. Qd2
Nc6 9. g4 h5 10. gxh5 Nxh5 11. O-O-O Bd7 12. Rg1 a6 13. Nxc6 bxc6 14. Bc4 Qa5
15. Rxg6 Be6 16. Bxe6 fxe6 17. Rg5 Qb4 18. a3 Qb7 19. Rxh5 Rab8 20. b3 c5 21.
Rg1 c4 22. Bd4 e5 23. Qh6 e6 24. Qh7+ 1-0

[Event "POLFINAL MISTRZOSTW POLSKI JUNIOROW 2019 - C13"]
[Site "Ustron"]
[Date "1899-12-30"]
[Round "3.15"]
[White "Katny, Samuel"]
[Black "Kotowicz, Kamil"]
[Result "1/2-1/2"]
[WhiteTitle "II"]
[BlackTitle "II"]
[WhiteElo "1335"]
[BlackElo "1512"]

1. e4 c6 2. d4 d5 3. exd5 cxd5 4. Nf3 Nf6 5. Nc3 Bf5 6. Bf4 a6 7. Bd3 Bxd3 8. Qxd3
e6 9. O-O Bd6 10. Bxd6 Qxd6 11. Rfe1 Nbd7 12. Ne2 O-O 13. Ng3 Rfc8 14. c3 Nb6
15. Ne5 Nfd7 16. Nxd7 Qxd7 17. Nh5 Qc7 18. Re3 Qc4 19. Qb1 g6 20. Nf6+ Kg7 21.
Ng4 Nd7 22. Rf3 h5 23. Ne3 Qc7 24. Qd3 Rh8 25. h3 Nf6 26. Qe2 Ne4 27. c4 Rad8
28. cxd5 exd5 29. Nxd5 Rxd5 30. Qxe4 Rhd8 31. Rd1 Qb6 32. Rb3 Qc6 33. Rbd3 Qd7
34. R3d2 Re8 35. Qd3 Re6 36. Qc3 Rc6 37. Qb3 Rcd6 38. a3 Kg8 39. Qe3 Re6 40. Qf3
Rf5 41. Qg3 Rd5 42. Rd3 Red6 43. Qf3 b5 44. Qe3 Kg7 45. Qd2 f6 46. Qc3 g5 47.
Qd2 h4 48. Kh2 Kg6 49. Kg1 f5 50. f4 Re6 51. fxg5 Qe7 52. Kf2 Re4 53. Re1 Qd6
54. Ree3 Qf4+ 55. Kg1 Kxg5 56. g3 hxg3 57. Rxg3+ Kf6 58. Qxf4 Rxf4 59. Rg2 Rfxd4
60. Rxd4 Rxd4 61. Rc2 a5 62. Kf1 Kg5 63. Kg2 a4 64. Kh2 Rd3 65. Rf2 Re3 66. Kg2
Re4 67. Kg3 Rd4 68. Rc2 Rd3+ 69. Kg2 Kh4 70. Rf2 Rg3+ 71. Kf1 Kg5 72. Rg2 Kf4
73. Rf2+ Ke5 74. Rh2 Kf6 75. h4 Kg6 76. Rg2 Rg4 77. Rxg4+ fxg4 78. Kg2 Kh6 79.
Kf2 Kg6 80. Kg2 Kh6 81. Kh2 Kg6 1/2-1/2

[Event "POLFINAL MISTRZOSTW POLSKI JUNIOROW 2019 - C13"]
[Site "Ustron"]
[Date "1899-12-30"]
[Round "3.16"]
[White "Lakowski, Filip"]
[Black "Zimny, Jakub"]
[Result "1-0"]
[WhiteTitle "II"]
[BlackTitle "II"]
[WhiteElo "1310"]
[BlackElo "1510"]

1. e4 c5 2. c3 Nf6 3. e5 Nd5 4. d4 cxd4 5. cxd4 d6 6. Nf3 Nc6 7. Bc4 Nb6 8. Bb3
dxe5 9. Nxe5 Nxe5 10. dxe5 Qxd1+ 11. Bxd1 g6 12. O-O Bg7 13. Bf4 Nc4 14. Ba4+
Bd7 15. Bxd7+ Kxd7 16. Nc3 Nxe5 17. Rfe1 Nc6 18. Rad1+ Kc8 19. Nd5 e5 20. Bg5
Re8 21. b4 h6 22. Bh4 g5 23. Bg3 a6 24. Nb6+ Kc7 25. Nxa8+ Rxa8 26. Rd5 Nxb4 27.
Bxe5+ Bxe5 28. Rdxe5 Nd3 29. Re7+ Kd6 30. R1e3 Rc8 31. g3 Rc1+ 32. Kg2 Nb4 33.
Rxb7 Nd5 34. Re2 f5 35. Rh7 f4 36. Rxh6+ Kc5 37. Rxa6 fxg3 38. hxg3 Rc4 39. Re5
1-0

[Event "POLFINAL MISTRZOSTW POLSKI JUNIOROW 2019 - C13"]
[Site "Ustron"]
[Date "1899-12-30"]
[Round "3.19"]
[White "Pancewicz, Szymon"]
[Black "Guzik, Michal"]
[Result "0-1"]
[WhiteTitle "I+"]
[BlackTitle "II"]
[WhiteElo "1764"]
[BlackElo "1104"]

1. e4 e5 2. Nf3 Nc6 3. Bc4 Bc5 4. c3 Nf6 5. d4 exd4 6. e5 d5 7. Bb5 Ne4 8. cxd4
Bb6 9. Nc3 Bg4 10. Be3 O-O 11. h3 Bh5 12. Qc2 Bg6 13. Qb3 Nxc3 14. bxc3 f6 15.
O-O Be4 16. Nd2 Na5 17. Qb4 Bf5 18. f4 a6 19. Be2 Nc6 20. Qb3 fxe5 21. fxe5 Nxe5
22. Rae1 Ng6 23. Bf3 c6 24. Bf2 Bc7 25. Kh1 Qd6 26. Bg1 Qg3 27. Ne4 Qh4 28. Bf2
Qh6 29. Be3 Nf4 30. Rf2 Bxh3 31. gxh3 Qxh3+ 32. Kg1 Nd3 33. Ree2 Nxf2 34. Rxf2
Rxf3 35. Qxb7 Bh2+ 36. Kh1 Bg3+ 37. Kg1 Bxf2+ 38. Nxf2 Rg3# 0-1

[Event "POLFINAL MISTRZOSTW POLSKI JUNIOROW 2019 - C13"]
[Site "Ustron"]
[Date "1899-12-30"]
[Round "3.20"]
[White "Madajczak, Piotr"]
[Black "Sidlo, Szymon"]
[Result "1-0"]
[WhiteTitle "I"]
[BlackTitle "II"]
[WhiteElo "1676"]
[BlackElo "1244"]

1. c4 e6 2. Nc3 d5 3. d4 c5 4. cxd5 exd5 5. Nf3 Nc6 6. e3 Nf6 7. Be2 Bd6 8. O-O
O-O 9. Nb5 Bf5 10. Nxd6 Qxd6 11. b3 cxd4 12. Nxd4 Nxd4 13. Qxd4 Rfe8 14. Bf3 Be4
15. Qd1 Qe5 16. Ba3 Rad8 17. Bc5 b6 18. Bd4 Qd6 19. Rc1 Rc8 20. Bxe4 dxe4 21.
Bxf6 Qxd1 22. Rfxd1 gxf6 23. g3 Rxc1 24. Rxc1 Re7 25. Kf1 Kg7 26. Ke2 f5 27. Rc6
Re5 28. b4 Rb5 29. Rc4 a5 30. a4 Rxb4 31. Rxb4 axb4 32. Kd2 Kf6 33. Kc2 Ke5 34.
Kb3 Kd5 35. Kxb4 Kc6 36. Kc4 h6 37. Kd4 Kd6 38. Kc4 Kc6 39. Kb4 f6 40. Kc4 Kc7
41. Kd5 Kd7 42. h3 Kc7 43. Ke6 Kc6 44. Kxf6 Kc5 45. Kxf5 Kb4 46. Kxe4 Kxa4 47.
Kd3 Ka3 48. f4 b5 49. f5 b4 50. f6 b3 51. f7 Ka2 52. f8=Q b2 53. Qa8+ Kb3 54.
Qb7+ Ka2 55. Ke4 1-0

[Event "POLFINAL MISTRZOSTW POLSKI JUNIOROW 2019 - C13"]
[Site "Ustron"]
[Date "1899-12-30"]
[Round "3.21"]
[White "Rzepka, Marcin"]
[Black "Sputowski, Jakub"]
[Result "1/2-1/2"]
[WhiteTitle "II"]
[BlackTitle "I"]
[WhiteElo "1323"]
[BlackElo "1655"]

1. f4 d5 2. Nf3 e6 3. g3 c5 4. Bg2 Nc6 5. O-O Nf6 6. d3 Be7 7. Nc3 O-O 8. e4 a6
9. e5 Nd7 10. Kh1 b5 11. g4 Bb7 12. Qe1 c4 13. d4 Nb6 14. f5 b4 15. Ne2 Bc8 16.
Ng3 Re8 17. Qe3 Na7 18. f6 Bf8 19. Nh5 g6 20. Ng7 Bxg7 21. fxg7 f5 22. gxf5 exf5
23. Bd2 Nc6 24. a4 a5 25. Qf2 Kxg7 26. Qe3 Kg8 27. Qh6 Qe7 28. Bg5 Qg7 29. Qh4
Nd7 30. Rae1 Nf8 31. Bf6 Qd7 32. Qh6 Ne6 33. Ng5 Nxg5 34. Qxg5 Qf7 35. Qh6 Be6
36. Rf4 Ra7 1/2-1/2

[Event "POLFINAL MISTRZOSTW POLSKI JUNIOROW 2019 - C13"]
[Site "Ustron"]
[Date "1899-12-30"]
[Round "3.22"]
[White "Taranowicz, Michal"]
[Black "Pojawa, Jakub"]
[Result "1-0"]
[WhiteTitle "I"]
[BlackTitle "II"]
[WhiteElo "1560"]
[BlackElo "1231"]

1. e4 e6 2. d4 d5 3. exd5 exd5 4. Bd3 Nf6 5. Nc3 c6 6. Nge2 Be6 7. Bf4 Bd6 8. Qd2
Bc7 9. O-O-O Nbd7 10. Rde1 Bb6 11. Bd6 Nf8 12. Bxf8 Kxf8 13. h3 c5 14. dxc5 Bxc5
15. Nf4 Qb6 16. Na4 Bb4 17. Nxb6 Bxd2+ 18. Kxd2 axb6 19. Nxe6+ fxe6 20. Rxe6 Nd7
21. Rhe1 Rg8 22. Bxh7 Rh8 23. Bg6 Nf6 24. Bd3 Rh6 25. R6e3 Rxa2 26. g4 g5 27.
b3 Ra8 28. Re5 Rxh3 29. Rxg5 Rh2 30. Rf5 Kg7 31. Re7+ Kg6 32. Rh5+ Ne4+ 33. Bxe4+
dxe4 34. Rxh2 Rd8+ 35. Ke3 Rc8 36. Rxb7 Rxc2 37. Kxe4 Kg5 38. f4+ Kg6 39. Rxc2
Kf6 40. Rc6# 1-0

[Event "POLFINAL MISTRZOSTW POLSKI JUNIOROW 2019 - C13"]
[Site "Ustron"]
[Date "1899-12-30"]
[Round "3.23"]
[White "Fojcik, Kacper"]
[Black "Kubik, Rafal"]
[Result "1/2-1/2"]
[WhiteTitle "II"]
[BlackTitle "II+"]
[WhiteElo "1286"]
[BlackElo "1552"]

1. d4 Nf6 2. c4 g6 3. g3 c6 4. Bg2 d5 5. cxd5 cxd5 6. Nc3 Bg7 7. Bg5 e6 8. e3 h6
9. Bxf6 Bxf6 10. Nge2 Nc6 11. O-O O-O 12. Rc1 Bd7 13. Qd2 Bg7 14. Rb1 Rc8 15.
Rfd1 Ne7 16. Nc1 Nf5 17. Nd3 b6 18. Rdc1 Qe7 19. Ne2 Nd6 20. b3 h5 21. h3 Bb5
22. Nef4 Bxd3 23. Nxd3 a5 24. a4 Rfd8 25. Bf3 Nf5 26. Nf4 Bh6 27. Nd3 Qg5 28.
Nf4 Qf6 29. Bg2 Bxf4 30. gxf4 Nh4 31. Qe2 Nxg2 32. Kxg2 Qe7 33. Qd1 Qd7 34. Qf1
Rxc1 35. Rxc1 Rc8 36. Rxc8+ Qxc8 37. Qb5 Qc7 38. Kf3 Kg7 39. h4 Qd6 40. Qd3 Qb4
41. Kg3 Qe1 42. Kg2 Kf6 43. Qb5 Qb4 44. Qd3 Ke7 45. Qc2 Kd7 46. Qd3 Kc6 47. Qc2+
Kb7 48. Qd3 b5 49. Qc2 bxa4 50. bxa4 Qe1 51. Qb2+ Kc7 52. Qc2+ Kd7 53. Qd3 Ke7
54. Qc2 Kf6 55. Qd3 Qc1 56. Kh2 Qb2 57. Kg2 Qb4 58. Qc2 Qa3 59. Kg3 1/2-1/2

[Event "POLFINAL MISTRZOSTW POLSKI JUNIOROW 2019 - C13"]
[Site "Ustron"]
[Date "1899-12-30"]
[Round "3.24"]
[White "Turowski, Maciej"]
[Black "Dembicki, Karol"]
[Result "0-1"]
[WhiteTitle "II"]
[BlackTitle "II"]
[WhiteElo "1244"]
[BlackElo "1388"]

1. d4 d5 2. c4 Nf6 3. cxd5 Nxd5 4. e4 Nf6 5. Nc3 Bg4 6. Be2 Bxe2 7. Ngxe2 e6 8.
O-O Nc6 9. d5 exd5 10. exd5 Ne5 11. Re1 Bd6 12. f4 Ng6 13. Nd4+ Ne7 14. Qa4+ Qd7
15. Nf5 Qxa4 16. Nxa4 Nfxd5 17. Nxg7+ Kd7 18. Nh5 Nf5 19. Bd2 Nd4 20. Rac1 Rhg8
21. Kf2 Rg6 22. Bc3 Nf5 23. Be5 Rag8 24. g3 Rh6 25. h3 Rxh5 26. g4 Rxh3 27. gxf5
Nxf4 28. Bxf4 Bxf4 29. Rcd1+ Bd6 30. Nc3 Rh2+ 31. Kf3 Rg3+ 32. Ke4 Rh4+ 33. Kd5
c6# 0-1

[Event "POLFINAL MISTRZOSTW POLSKI JUNIOROW 2019 - C13"]
[Site "Ustron"]
[Date "1899-12-30"]
[Round "3.25"]
[White "Marek, Grzegorz"]
[Black "Polinowski, Konrad"]
[Result "1-0"]
[WhiteTitle "II"]
[BlackTitle "III"]
[WhiteElo "1302"]
[BlackElo "1110"]

1. e4 e5 2. Nf3 Nc6 3. d4 exd4 4. Nxd4 Nxd4 5. Qxd4 Nf6 6. e5 Nh5 7. g4 Qh4 8.
Be3 g6 9. gxh5 Qxd4 10. Bxd4 gxh5 11. Rg1 d6 12. exd6 Bg7 13. Bxg7 Rg8 14. Bd3
Bg4 15. Bf6 cxd6 16. Bxh7 Rg6 17. Bxg6 fxg6 18. Rxg4 hxg4 19. Nc3 Rc8 20. Rd1
Kd7 21. Rd4 Rf8 22. Ne4 Ke6 23. Bh4 d5 24. Ng5+ Ke5 25. Rxg4 Re8 26. Kd2 Kf5 27.
Rb4 b6 28. Nf7 Re6 29. Nh6+ Ke5 30. f4+ Kd6 31. Nf7+ Kc5 32. Rb3 a5 33. Bf2+ Kc4
34. Ne5+ Rxe5 35. fxe5 b5 36. Rc3+ Kb4 37. Bc5+ Ka4 38. b3# 1-0

[Event "POLFINAL MISTRZOSTW POLSKI JUNIOROW 2019 - C13"]
[Site "Ustron"]
[Date "1899-12-30"]
[Round "3.26"]
[White "Borowik, Karol"]
[Black "Gibas, Aleksander"]
[Result "1/2-1/2"]
[WhiteTitle "II"]
[BlackTitle "III"]
[WhiteElo "1224"]
[BlackElo "1010"]

1. d4 e6 2. c4 d5 3. Nc3 Nf6 4. Bg5 Be7 5. e3 Nc6 6. Nf3 h6 7. Bh4 O-O 8. Bd3 Re8
9. O-O a6 10. Rc1 Na7 11. Qb3 c6 12. Bg3 Bd6 13. Rfd1 b5 14. c5 Bxg3 15. hxg3
Qc7 16. e4 a5 17. a3 Ba6 18. e5 Nd7 19. Qc2 Nc8 20. b4 axb4 21. axb4 Ne7 22. Ne2
Ra7 23. Qd2 Rea8 24. g4 Bb7 25. g5 Ra2 26. Qf4 Ng6 27. Qg4 hxg5 28. Qxg5 Qd8 29.
Qxd8+ Rxd8 30. Bxg6 Rxe2 31. Bd3 Rb2 32. Rb1 Rxb1 33. Rxb1 Ra8 34. Nd2 Ra3 35.
Nb3 Nb8 36. Bf1 Na6 37. Nc1 g6 38. Nd3 Kg7 39. f3 Rc3 40. Kf2 1/2-1/2

[Event "POLFINAL MISTRZOSTW POLSKI JUNIOROW 2019 - C13"]
[Site "Ustron"]
[Date "1899-12-30"]
[Round "3.27"]
[White "Dutka, Jan"]
[Black "Garwacki, Kornel"]
[Result "1/2-1/2"]
[WhiteTitle "III"]
[BlackTitle "II"]
[WhiteElo "1033"]
[BlackElo "1207"]

1. e4 d6 2. d4 g6 3. Nf3 Bg7 4. Nc3 a6 5. g3 b5 6. a3 Bb7 7. Bg2 Nd7 8. O-O c5
9. Re1 e6 10. b3 Ne7 11. Bb2 O-O 12. b4 c4 13. a4 Qb6 14. a5 Qc7 15. Qd2 Nc6 16.
Ba3 Rfe8 17. Rad1 Rad8 18. d5 Bxc3 19. Qxc3 exd5 20. exd5 Ne7 21. Ng5 h6 22. Bb2
Ne5 23. f4 hxg5 24. fxe5 dxe5 25. Rxe5 f6 26. Ree1 Rf8 27. d6 Rxd6 28. Rxd6 Qxd6
29. Bxb7 Nd5 30. Bxd5+ Qxd5 31. Qd4 Qf5 32. Qf2 Qxf2+ 33. Kxf2 Kf7 34. Kf3 Rd8
35. Re2 Rd1 36. h4 gxh4 37. gxh4 Rh1 38. Re4 c3 39. Ba3 Rh3+ 1/2-1/2